| 000 | 00784cam a22002411 4500 | ||
|---|---|---|---|
| 001 | e 11000578 | ||
| 003 | DLC | ||
| 005 | 20260227111155.0 | ||
| 008 | 770426s1891 gw 001 0 ger c | ||
| 010 | _ae 11000578 | ||
| 035 | _a(OCoLC)2917566 | ||
| 040 |
_aU. S. Bureau of Education _cMdBT _dMdBT _dOCoLC _dDLC |
||
| 041 | 0 | _aengheb | |
| 042 | _apremarc | ||
| 050 | 0 | 0 |
_aLA47 _b.G93 |
| 100 | 1 |
_aGüdemann, Moritz, _d1835-1918. |
|
| 245 | 1 | 0 |
_aQuellenschriften zur Geschichte des Unterrichts und der Erziehung bei den deutschen Juden. _bVon den ältesten Zeiten bis auf Mendelssohn, _cvon Dr. M. Güdemann. |
| 260 |
_aBerlin, _bA. Hofmann, _c1891. |
||
| 300 |
_axxxii, 324 p. _c 25 cm. |
||
| 500 | _aGerman and Hebrew. | ||
| 650 | 0 |
_aJews _xEducation. |
|
| 650 | 0 |
_aJews _zGermany. |
|
| 999 |
_c19153 _d19153 |
||